000 00426nam a2200133Ia 4500
008 220603s9999 xx 000 0 und d
082 _bDAM
100 _aDammalli Vasant
_993204
245 _aStudy to assess the knowledge and practice regarding self care measures to prevent pulmonary tuberculosis among student nurses
260 _aKarnataka
_bKLE University
_c2013
300 _a109p
365 _bRs.
999 _c57429
_d57429